| 000 | 00914nam a2200217 i 4500 | ||
|---|---|---|---|
| 001 | 84153 | ||
| 003 | ES-MaACL | ||
| 005 | 20230906174945.0 | ||
| 007 | t| | ||
| 008 | 041119s1918 sp ||||1| spa d | ||
| 100 | 1 |
_aJalvo Millán, Mauricio. _9172968 |
|
| 245 | 1 | 0 |
_aConferencia celebrada en los salones de esta cámara el día 14 de diciembre de 1918 para desarrollar el tema canalización del Manzanares y aprovechamiento de las aguas fecales de Madrid para usos agrícolas / _cMauricio Jalvo. |
| 260 |
_aMadrid : _b[s.n.], _c1918 ( _fR. Velasco) |
||
| 300 |
_a16 p. ; _c25 cm. |
||
| 594 | _aPrecede al tít.: Cámara Oficial de la Propiedad Urbana de Madrid. | ||
| 650 | 4 |
_aAguas residuales- _zMadrid. _9135535 |
|
| 651 |
_aManzanares (España, Río)- _xCanalización. _9159104 |
||
| 710 | 2 |
_aCámara de la Propiedad Urbana de Madrid. _92406 |
|
| 852 |
_aES-MaACL _j1558-F-14 |
||
| 852 |
_aES-MaACL _j1524-F-11 |
||
| 999 |
_c84153 _d84153 |
||